Pre-Merger AFL Champions Quiz - Statistics

General Stats
  • This quiz has been taken 32 times
  • The average score is 8 of 10
Answer Stats
Year Team % Correct
1966 Kansas City Chiefs
94%
1969 Kansas City Chiefs
89%
1968 New York Jets
83%
1967 Oakland Raiders
83%
1960 Houston Oilers
78%
1961 Houston Oilers
78%
1964 Buffalo Bills
72%
1965 Buffalo Bills
72%
1963 San Diego Chargers
72%
1962 Dallas Texans
56%
No matching quizzes found
Score Distribution
Percent of People with Each Score
Percentile by Number Answered
Your Score History
You have not taken this quiz